Matematické metody demografie a pojištění
Enregistré dans:
| Auteur principal: | |
|---|---|
| Format: | Livre |
| Langue: | tchèque |
| Publié: |
Praha
Státní nakladatelství technické literatury
1990
|
| Tags: |
Pas de tags, Soyez le premier à ajouter un tag!
|
MARC
| LEADER | 00000nam a2200000 4500 | ||
|---|---|---|---|
| 001 | c024237 | ||
| 005 | 20250929140205.4 | ||
| 041 | 0 | |a cze | |
| 044 | |a CZ | ||
| 245 | 1 | 0 | |a Matematické metody demografie a pojištění |c Tomáš Cipra |
| 264 | 1 | |a Praha |b Státní nakladatelství technické literatury |c 1990 | |
| 300 | |a 445 s. | ||
| 100 | 1 | |a Cipra, Tomáš | |